| 000 | 04252nam a22003737a 4500 | ||
|---|---|---|---|
| 005 | 2012021505135.0 | ||
| 010 | _aB-476060-072 | ||
| 020 |
_a9788190510196 _c395.00 |
||
| 035 | _aB-476060-072 | ||
| 037 | _bब्लूबेरी बुक्स | ||
| 082 | _a030 | ||
| 100 |
_aसिंह, निशांत _951173 |
||
| 245 |
_aरोहित ज्ञान विज्ञान एन्साइक्लोपीडिया: खोज एवं खोजकर्ता / _cनिशांत सिंह |
||
| 260 |
_aदिल्ली _bरोहित पब्लिशिंग हाउस _c2011 |
||
| 270 |
_a518/ 6 बी, कड़कड़ी रोड, विश्वास नगर _bदिल्ली _e110032 |
||
| 300 |
_a152 पृ. _bसचित्र (सजिल्द) _c24 सेमी |
||
| 700 |
_aसिंह, निशांत _939091 |
||
| 942 |
_2ddc _cCH _h030 _mसिंहनि |
||
| 999 |
_c62871 _d62871 |
||